00501nam a2200157Ia 450000500170000000800410001708200130005810000150007124500470008626000390013330000120017250000410018494200060022595200970023199900150032820250616021515.0240331s9999 xx 000 0 und d bPERa305 aPerera,K.J 0aKantha prathirupaya saha samaja muhunuwara aColombobKusum Janaki Pererac1993 a64 p ., aThe social face of and Women's Inage cL 001040708LaWERCLbWERCLcSSCd2024-03-31l0o 305.4 PERp3763r2024-03-31w2024-03-31yL c5242d5242